Culture Générale - Série 2189 - Statistiques

Statistiques générales
  • Ce quiz a été pris 98 fois
  • Le résultat moyen est 5 sur 10
Statistiques - réponses
Question Réponse % Correct
Quelle fleur a été mise à l'honneur for ever par Claude François ? magnolia
79%
Quelles fleurs « fleurissent, fleurissent dans les prés » dans une célèbre comptine ? colchiques
77%
En France, quelle fleur associe-t-on aux défunts le 1er novembre ? chrysanthème
73%
À qui doit-on le roman « Le Nom de la rose » ? prénom et nom Umberto Eco
62%
Quelle fleur figure sur les pièces de 2 centimes autrichiennes ? edelweiss
55%
Quel pays est le premier producteur d’énergie solaire au monde ? Chine
53%
À quel philosophe doit-on « L’Être et le Néant » ? prénom et nom Jean-Paul Sartre
42%
Dans quel roman, suit-on les aventures du capitaine Achab ? Moby Dick
32%
À quel auteur doit-on la pièce « Le Dîner de Con » ? prénom et nom - voir photo Francis Veber
17%
De quel pays est-originaire la capucine (fleur) ? Pérou
5%
Aucun quiz correspondant
Distribution des résultats
% des personnes avec chaque résultat
Percentile par nombre de réponses
Votre historique - résultats
Vous n’avez pas pris ce quiz